Score 0/60 Timer 16:00
3 Plays Today
Rank TV Show % Correct
#15Friends
82.5%
#3Seinfeld
80.6%
#1I Love Lucy
76.9%
#5The Simpsons
75.6%
#9Cheers
75.2%
#7M*A*S*H
70.3%
#2All In The Family
64.7%
#19The Big Bang Theory
56.3%
#8The Cosby Show
55.8%
-Frasier
54.5%
#6The Mary Tyler Moore Show
53.1%
#10Saturday Night Live
52.8%
#13Modern Family
49%
-Happy Days
48.8%
#4The Honeymooners
46.4%
-The Office (UK)
46.2%
#18Arrested Development
45.6%
#12The Dick Van Dyke Show
43.5%
#20The Golden Girls
42.3%
-Everybody Loves Raymond
42.2%
-30 Rock
41.3%
-Family Ties
37.5%
-Leave It To Beaver
35.1%
#11The Andy Griffith Show
34.8%
-Parks and Recreation
34.4%
-Taxi
33.5%
#17Roseanne
31.9%
-The Bob Newhart Show
31.1%
-Three's Company
31.1%
-Laverne & Shirley
30.6%
Rank TV Show % Correct
-Bewitched
27.7%
-Maude
27.1%
-Married...With Children
26.8%
-Home Improvement
26.2%
-Will and Grace
25.9%
-Curb Your Enthusiasm
24.6%
#16The Carol Burnett Show
24.1%
-The Beverly Hillbillies
23.9%
-Sanford and Son
22.5%
-Green Acres
20.4%
-Rowan & Martin's Laugh-In
19.3%
-Soap
17.6%
-Murphy Brown
17.2%
-Malcolm In The Middle
17.1%
-King Of The Hill
16.9%
-Barney Miller
15.2%
-Sex and the City
14.9%
-The Odd Couple
14.6%
-Get Smart
14%
-Monty Python's Flying Circus
12.3%
-The Middle
12%
-In Living Color
11.7%
-The Adventures of Ozzie and Harriet
10.9%
-Designing Women
10.7%
-The Larry Sanders Show
9.9%
#14Your Show Of Shows
9.8%
-Louie
7.9%
-Kate & Allie
5.9%
-Nurse Jackie
4.1%
-The Tracey Ullman Show
3.5%

You're not logged in!

Compare scores with friends on all Sporcle quizzes.
OR
Log In

Sporcle TV

Today on Sporcle TV


Watch our educational content, quiz creation guides, and fun videos on Sporcle TV.

Show Comments

Extras

Top Quizzes Today


Score Distribution

Paid Content

Your Account Isn't Verified!

In order to create a playlist on Sporcle, you need to verify the email address you used during registration. Go to your Sporcle Settings to finish the process.

Report this User

Report this user for behavior that violates our Community Guidelines.

Details: